El ángel necesario

Salvato in:
Dettagli Bibliografici
Autore principale: Cacciari, Massimo (Autore)
Natura: Libro
Lingua:spagnolo
Pubblicazione: Madrid Visor 1989
Serie:<La >Balsa de la Medusa, 28
Soggetti:
Tags: Aggiungi Tag
Nessun Tag, puoi essere il primo ad aggiungerne!!

MARC

LEADER 00000nam a2200000 a 4500
001 UCZ1882
003 CL-VaPUC
008 950914e19890000SP |||||||||||||||||spa|d
082 0 4 |a 704.948  |b CAC  |2 21 
100 0 |a Cacciari, Massimo  |e author  |9 345576 
245 1 3 |a El ángel necesario 
300 |a 148 p 
942 |c BK 
945 |d 19950914 00:00:00  |a rbrito 
260 |a Madrid  |b Visor  |c 1989 
650 0 |a Ángeles  |9 314400 
650 0 |a Creación artística   |9 266215 
650 0 |a Crítica de arte  |9 334590 
650 0 |a Estética   |9 264950 
583 |a last modification  |c 19950914 00:00:00  |k Rodrigo Vera 
490 0 |a <La >Balsa de la Medusa, 28 
999 |c 238561  |d 238559 
952 |0 0  |1 0  |4 0  |6 704_948000000000000_CAC_1989  |7 0  |8 A  |9 248814  |a BIBHIS  |b BIBHIS  |d 2019-11-18  |i 3134342  |o 704.948 CAC 1989  |p 3134342  |r 2025-01-20  |w 2019-11-18  |y BK  |k HIS